|
|
|
|
| LEADER |
00000nam0a2200000 4500 |
| 001 |
368034 |
| 005 |
20231102012037.0 |
| 035 |
|
|
|a (RuTPU)RU\TPU\retro\25397
|
| 090 |
|
|
|a 368034
|
| 100 |
|
|
|a 20220329d1979 m y0rusy50 ca
|
| 101 |
0 |
|
|a rus
|
| 102 |
|
|
|a RU
|
| 105 |
|
|
|a a j 001zy
|
| 200 |
1 |
|
|a Кузнечно-прессовые машины (теория, конструкция и расчет)
|e учебник
|f В. Ф. Щеглов, Л. Ю. Максимов, В. П. Линц
|
| 205 |
|
|
|a 2-е изд., перераб. и доп.
|
| 210 |
|
|
|a Москва
|c Машиностроение
|d 1979
|
| 215 |
|
|
|a 304 с.
|c ил.
|
| 320 |
|
|
|a Список литературы: с. 301
|
| 606 |
1 |
|
|a Кузнечно-прессовые машины, кривошипные
|2 stltpush
|3 (RuTPU)RU\TPU\subj\16633
|9 42586
|
| 610 |
1 |
|
|a учебники
|
| 610 |
1 |
|
|a машиностроение
|
| 610 |
1 |
|
|a обработка давлением
|
| 610 |
1 |
|
|a гидравлические прессы
|
| 610 |
1 |
|
|a молоты
|
| 610 |
1 |
|
|a высокоэнергетическая обработка
|
| 675 |
|
|
|a 621.979.1(075.32)
|v 3
|
| 700 |
|
1 |
|a Щеглов
|b В. Ф.
|g Василий Федорович
|
| 701 |
|
1 |
|a Максимов
|b Л. Ю.
|g Леонид Юрьевич
|
| 701 |
|
1 |
|a Линц
|b В. П.
|g Владимир Павлович
|
| 801 |
|
1 |
|a RU
|b 63413507
|c 20220329
|
| 801 |
|
2 |
|a RU
|b 63413507
|c 20220330
|g RCR
|
| 942 |
|
|
|c BK
|